Nurses for wisconsin: a collaborative initiative to enhance the nurse educator workforce (Record no. 329531)
[ view plain ]
| 000 -LEADER | |
|---|---|
| fixed length control field | 00494nam a2200133Ia 4500 |
| 008 - FIXED-LENGTH DATA ELEMENTS--GENERAL INFORMATION | |
| fixed length control field | 170419s9999 xx 000 0 und d |
| 100 ## - MAIN ENTRY--PERSONAL NAME | |
| Personal name | Young, Linda K. |
| 245 ## - TITLE STATEMENT | |
| Title | Nurses for wisconsin: a collaborative initiative to enhance the nurse educator workforce |
| 245 ## - TITLE STATEMENT | |
| Statement of responsibility, etc | Linda K. Young, Jan L. Adams, Sally Lundeen, Katharyn A. May, Rosemary Smith, and L. Elaine Wendt |
| 260 ## - PUBLICATION, DISTRIBUTION, ETC. (IMPRINT) | |
| Name of publisher, distributor, etc | Elsevier |
| 260 ## - PUBLICATION, DISTRIBUTION, ETC. (IMPRINT) | |
| Date of publication, distribution, etc | 2016 |
| 300 ## - PHYSICAL DESCRIPTION | |
| Extent | July/August 2016 |
| 440 ## - SERIES STATEMENT/ADDED ENTRY--TITLE | |
| Title | Journal of Profesional Nursing |
| Volume number/sequential designation | 32:4 |
| Withdrawn status | Lost status | Damaged status | Home library | Current library | Date acquired | Total Checkouts | Date last seen | Price effective from | Koha item type |
|---|---|---|---|---|---|---|---|---|---|
| College Library | College Library | 04/19/2017 | 04/19/2017 | 04/19/2017 | Periodicals |